000
00300nam a22001337a 4500
008
170614b xxu||||| |||| 00| 0 eng d
020
_a
9780134732084
041
_a
eng
080
_2
6 ED
_a
327
100
_a
19
101
_a
SHP
245
_a
INTRENATIONAL POLITICS
_c
HOLSTI.K.J
942
_2
udc
_c
BK
999
_c
17306
_d
17306